[Event "SR 4. liga A21 2017/2018"]
[Site "?"]
[Date "2018.02.11"]
[Round "9.6"]
[White "Kanka, Tomas"]
[Black "Sulko, Vit"]
[Result "1-0"]
[WhiteElo "1692"]
[BlackElo "1653"]
[PlyCount "81"]
[EventDate "2017.??.??"]
[WhiteTeam "Å K Nafta Gbely C"]
[BlackTeam "Å K OÃš Å paÄ�ince"]

1. e4 c5 2. c3 d6 3. Nf3 Nf6 4. Be2 g6 5. O-O Bg7 6. e5 dxe5 7. Nxe5 O-O 8. h3
Nbd7 9. d4 cxd4 10. cxd4 Nxe5 11. dxe5 Qxd1 12. Rxd1 Ne8 13. Bf4 Nc7 14. Na3
Ne6 15. Bg3 a6 16. Nc4 b5 17. Nb6 Ra7 18. Rac1 Rc7 19. Rxc7 Nxc7 20. Rc1 Bxh3
21. Rxc7 Be6 22. b3 Rb8 23. Nd7 Rd8 24. Nc5 Rd2 25. Bf3 Rxa2 26. Nxe6 fxe6 27.
Rxe7 Rb2 28. Rxe6 Rxb3 29. Rxa6 Rb1+ 30. Kh2 Re1 31. Bd5+ Kf8 32. e6 Bf6 33.
Ra7 Be7 34. Ra8+ Kg7 35. Re8 Kf6 36. Bh4+ g5 37. Bxg5+ Kxg5 38. Rxe7 h5 39. Rf7
Kg6 40. Rb7 Kf6 41. Rxb5 1-0

[Event "SR 4. liga A21 2017/2018"]
[Site "?"]
[Date "2018.02.11"]
[Round "9.6"]
[White "Slezak, Rudolf"]
[Black "Kastler, Peter"]
[Result "1-0"]
[WhiteElo "1660"]
[BlackElo "1757"]
[PlyCount "87"]
[EventDate "2017.??.??"]
[WhiteTeam "Å K OÃš Å paÄ�ince"]
[BlackTeam "Å K Nafta Gbely C"]

1. Nf3 Nf6 2. d4 d5 3. c4 e6 4. Nc3 Be7 5. e3 O-O 6. Bd3 c6 7. O-O b6 8. Re1
Bb7 9. e4 dxe4 10. Nxe4 Nxe4 11. Bxe4 Nd7 12. Ne5 Nxe5 13. dxe5 Qc7 14. Qc2 g6
15. Bh6 Rfd8 16. Bf3 Bf8 17. Bxf8 Kxf8 18. Qc3 Rd7 19. Rad1 c5 20. Rxd7 Qxd7
21. Rd1 Qc7 22. Bxb7 Qxb7 23. Qd3 Ke8 24. f4 Qe7 25. g3 Rd8 26. Qxd8+ Qxd8 27.
Rxd8+ Kxd8 28. g4 Kc7 29. Kf2 Kc6 30. Ke3 b5 31. Kd3 bxc4+ 32. Kxc4 a5 33. g5
Kb6 34. a3 a4 35. b3 axb3 36. Kxb3 Kb5 37. a4+ Ka5 38. Kc4 Kxa4 39. Kxc5 Kb3
40. Kd6 Kc4 41. Ke7 Kd4 42. Kxf7 Ke4 43. Kxe6 Kxf4 44. Kf6 1-0

[Event "SR 4. liga A21 2017/2018"]
[Site "?"]
[Date "2018.02.11"]
[Round "9.6"]
[White "Mraz, Jan"]
[Black "Pinkas, Jan"]
[Result "1-0"]
[WhiteElo "1623"]
[BlackElo "1474"]
[PlyCount "103"]
[EventDate "2017.??.??"]
[WhiteTeam "Å K Nafta Gbely C"]
[BlackTeam "Å K OÃš Å paÄ�ince"]

1. d4 e6 2. c4 d5 3. Nc3 Nf6 4. e3 Bd6 5. c5 Be7 6. g3 b6 7. cxb6 axb6 8. Bg2
O-O 9. Nf3 Ba6 10. Bd2 c5 11. dxc5 bxc5 12. Ne2 Bc4 13. b3 Bb5 14. O-O Ra7 15.
Re1 Na6 16. Nc3 Bc6 17. Ne5 Ba8 18. a3 Qc7 19. Ng4 Nxg4 20. Qxg4 Bf6 21. Rac1
Qb6 22. Rb1 Bc6 23. b4 Nc7 24. bxc5 Qxc5 25. Ne4 dxe4 26. Bb4 Qf5 27. Qxf5 exf5
28. Bxf8 Kxf8 29. Rb8+ Ke7 30. Reb1 Rxa3 31. Rh8 h6 32. h3 Ne8 33. Bf1 Ra1 34.
Rb8 Be5 35. Rb6 Bd7 36. Kg2 Ra5 37. Rb7 Rd5 38. Bc4 Rd2 39. Bb5 Rd6 40. g4 f4
41. exf4 Bxf4 42. Rb8 Bxb5 43. Rxb5 Rd2 44. Rb4 Re2 45. Kf1 Rd2 46. Rxe4+ Kd6
47. Rhxe8 Bg5 48. Rf8 Rd3 49. Kg2 Rd5 50. Rxf7 Re5 51. Rxe5 Kxe5 52. Rxg7 1-0

[Event "SR 4. liga A21 2017/2018"]
[Site "?"]
[Date "2018.02.25"]
[Round "10.1"]
[White "Vogl, Zdenek"]
[Black "Valach, Peter"]
[Result "0-1"]
[WhiteElo "1914"]
[BlackElo "1743"]
[PlyCount "104"]
[EventDate "2017.??.??"]
[WhiteTeam "Å K Skalica B"]
[BlackTeam "Å K OÃš Å paÄ�ince"]

1. e4 c5 2. Nf3 e6 3. d4 cxd4 4. Nxd4 a6 5. Bc4 b5 6. Bd3 Bb7 7. Be3 Nc6 8. c3
Nf6 9. f3 Be7 10. Nxc6 dxc6 11. Qe2 c5 12. c4 b4 13. Nd2 Qc7 14. Rd1 a5 15. f4
Nd7 16. O-O e5 17. f5 Nf6 18. Rf3 Ng4 19. h3 Nxe3 20. Qxe3 h6 21. Qf2 a4 22.
Nf1 Rd8 23. Ne3 Rd4 24. Qc2 Qd7 25. Rff1 Rd6 26. Be2 O-O 27. Rxd6 Bxd6 28. f6
g6 29. Ng4 h5 30. Qd2 Rd8 31. Nh6+ Kh7 32. Qe3 Bf8 33. Nf5 gxf5 34. Rxf5 Qd4
35. Qxd4 exd4 36. e5 d3 37. Bd1 Kg6 38. Rxh5 Bc8 39. Rh8 Be7 40. Bh5+ Kg5 41.
Rh7 Bf8 42. Bxf7 d2 43. Bh5 d1=Q+ 44. Bxd1 Rxd1+ 45. Kf2 Be6 46. Rh8 Rd8 47. g4
Bxc4 48. Rh5+ Kg6 49. h4 Be6 50. Rh8 c4 51. h5+ Kg5 52. h6 Bc5+ 0-1

[Event "SR 4. liga A21 2017/2018"]
[Site "?"]
[Date "2018.02.25"]
[Round "10.1"]
[White "Karel, Jozef"]
[Black "Vepy, Ivan"]
[Result "1-0"]
[WhiteElo "1715"]
[BlackElo "1870"]
[PlyCount "73"]
[EventDate "2017.??.??"]
[WhiteTeam "Å K OÃš Å paÄ�ince"]
[BlackTeam "Å K Skalica B"]

1. e4 e5 2. Nf3 Nc6 3. Bc4 Be7 4. d4 exd4 5. Nxd4 Ne5 6. Bb3 d6 7. Nc3 Nf6 8.
Bg5 a6 9. a3 O-O 10. O-O c6 11. h3 h6 12. Bh4 Bd7 13. Nf3 Ng6 14. Bg3 Ne8 15.
Qd3 Kh8 16. Rad1 Qc8 17. Kh2 f5 18. exf5 Bxf5 19. Qd2 Bxh3 20. gxh3 Rxf3 21.
Qe2 Rf8 22. Be6 Qc7 23. Qe4 Ne5 24. f4 Nf6 25. Qe2 Nf7 26. Rfe1 Rae8 27. Qc4 d5
28. Nxd5 Nxd5 29. Rxd5 Nd6 30. Qc3 Nb5 31. Rd7 Nxc3 32. Rxc7 Nb5 33. Rd7 Bd6
34. f5 Bxg3+ 35. Kxg3 Rxf5 36. Bxf5 Rxe1 37. Rd8+ 1-0

[Event "SR 4. liga A21 2017/2018"]
[Site "?"]
[Date "2018.02.25"]
[Round "10.1"]
[White "Harastova, Viera"]
[Black "Sulko, Vit"]
[Result "1/2-1/2"]
[WhiteElo "1820"]
[BlackElo "1653"]
[PlyCount "99"]
[EventDate "2017.??.??"]
[WhiteTeam "Å K Skalica B"]
[BlackTeam "Å K OÃš Å paÄ�ince"]

1. d4 d5 2. c4 Nf6 3. Nc3 dxc4 4. e4 e6 5. Bxc4 Be7 6. Nf3 O-O 7. O-O b6 8. Bg5
h6 9. Bf4 Ba6 10. Qd3 Bxc4 11. Qxc4 c5 12. Rad1 Qc8 13. d5 exd5 14. Nxd5 Nxd5
15. Qxd5 Qc6 16. Qf5 Qf6 17. Qxf6 Bxf6 18. e5 Be7 19. g4 Nc6 20. h4 Rad8 21.
Kg2 Rxd1 22. Rxd1 Rd8 23. Rd2 Rxd2 24. Bxd2 f6 25. Bc3 fxe5 26. Bxe5 Nxe5 27.
Nxe5 Bxh4 28. b3 Bf6 29. Nd3 Kf7 30. Kf3 Ke6 31. Ke4 Bg5 32. f4 Bf6 33. f5+ Kd6
34. Nf4 Bd4 35. Ne6 Be5 36. Nf8 Bf6 37. Ne6 Kc6 38. Nf4 Kb5 39. Nd5 c4 40. Nc7+
Kb4 41. Nd5+ Ka3 42. bxc4 Kxa2 43. Nxf6 gxf6 44. Kd5 Kb3 45. Ke6 a5 46. Kxf6 a4
47. Kg6 a3 48. f6 a2 49. f7 a1=Q 50. f8=Q 1/2-1/2

[Event "SR 4. liga A21 2017/2018"]
[Site "?"]
[Date "2018.02.25"]
[Round "10.1"]
[White "Slezak, Rudolf"]
[Black "Planka, Peter"]
[Result "0-1"]
[WhiteElo "1660"]
[BlackElo "1788"]
[PlyCount "112"]
[EventDate "2017.??.??"]
[WhiteTeam "Å K OÃš Å paÄ�ince"]
[BlackTeam "Å K Skalica B"]

1. Nf3 Nf6 2. c4 e6 3. Nc3 b6 4. g3 Bb7 5. Bg2 Be7 6. O-O O-O 7. d4 d5 8. Ne5
c6 9. b3 Nbd7 10. Nxd7 Qxd7 11. Bb2 Rfd8 12. e3 dxc4 13. bxc4 c5 14. dxc5 Bxg2
15. Kxg2 Qc6+ 16. Qf3 Qxc5 17. Ne4 Nxe4 18. Qxe4 Rac8 19. Rac1 Rd2 20. Bd4 Qc6
21. Qxc6 Rxc6 22. a3 Ra2 23. Ra1 Rxa1 24. Rxa1 Rxc4 25. a4 Bb4 26. Be5 f6 27.
Bb8 a5 28. Rd1 Bc5 29. Ra1 Kf7 30. Kf3 g5 31. h3 h5 32. Ra2 Rc3 33. Ke2 Ke7 34.
g4 hxg4 35. hxg4 Ra3 36. Rxa3 Bxa3 37. Kd3 Kd7 38. Kc4 Kc6 39. Bh2 Bc1 40. e4
e5 41. Bg1 Bb2 42. Bh2 Bd4 43. Bg3 Bc5 44. f3 b5+ 45. axb5+ Kb6 46. Be1 a4 47.
Bc3 a3 48. Kb3 Kxb5 49. Be1 a2 50. Kxa2 Kc4 51. Ba5 Be7 52. Kb2 Kd3 53. Bc3 Ke3
54. Kc2 Kxf3 55. Kd3 Kxg4 56. Be1 Kf3 0-1

[Event "SR 4. liga A21 2017/2018"]
[Site "?"]
[Date "2018.02.25"]
[Round "10.1"]
[White "Harasta, Marian"]
[Black "Pinkas, Jan"]
[Result "1-0"]
[WhiteElo "1674"]
[BlackElo "1474"]
[PlyCount "93"]
[EventDate "2017.??.??"]
[WhiteTeam "Å K Skalica B"]
[BlackTeam "Å K OÃš Å paÄ�ince"]

1. d4 e6 2. c4 d5 3. Qc2 Nf6 4. Nf3 Nc6 5. c5 b6 6. cxb6 Nb4 7. Qa4+ Bd7 8. Qb3
axb6 9. a3 Nc6 10. Bg5 h6 11. Bh4 Be7 12. Nc3 Na5 13. Qc2 Nc4 14. e3 Nd6 15.
Ne5 Nfe4 16. Bxe7 Qxe7 17. Nxe4 Nxe4 18. Qxc7 O-O 19. Qxd7 Qf6 20. f3 Qh4+ 21.
g3 Nxg3 22. hxg3 Qxh1 23. Kf2 Rac8 24. Nc6 Kh8 25. Re1 Qh5 26. Bg2 Qg5 27. Re2
Qf6 28. Bh3 h5 29. b4 g5 30. g4 h4 31. a4 Ra8 32. a5 bxa5 33. bxa5 Qg6 34. Ne5
Qg7 35. Ra2 Rad8 36. Qe7 Rde8 37. Qc5 Rc8 38. Nc6 f5 39. a6 Qc7 40. Ne5 Qg7 41.
Qd6 Qg8 42. gxf5 exf5 43. Qh6+ Qh7 44. Ng6+ Kg8 45. Qxh7+ Kxh7 46. Nxf8+ Rxf8
47. a7 1-0

[Event "SR 4. liga A21 2017/2018"]
[Site "?"]
[Date "2018.02.25"]
[Round "10.2"]
[White "Oravec, Pavol"]
[Black "Kanka, Tomas"]
[Result "1/2-1/2"]
[WhiteElo "1746"]
[BlackElo "1692"]
[PlyCount "80"]
[EventDate "2017.??.??"]
[WhiteTeam "Å K KÃºpele PieÅ¡Å¥any B"]
[BlackTeam "Å K Nafta Gbely C"]

1. d4 Nf6 2. Nf3 e6 3. Bf4 c6 4. c3 Be7 5. e3 d6 6. Bd3 Nbd7 7. h3 Qc7 8. Nbd2
O-O 9. Qc2 a5 10. O-O Re8 11. Rac1 b6 12. c4 e5 13. dxe5 Nxe5 14. Nxe5 dxe5 15.
Bg5 h6 16. Bxf6 Bxf6 17. c5 b5 18. Rfd1 Be6 19. b3 a4 20. b4 Rad8 21. Ne4 Be7
22. Rd2 Bd5 23. Nc3 Be6 24. Rcd1 Bh4 25. Be4 Rxd2 26. Rxd2 Be7 27. Ne2 Rc8 28.
f4 exf4 29. exf4 Bc4 30. Bd3 Bd5 31. Bxb5 Bxg2 32. Kxg2 cxb5 33. Qf5 Qc6+ 34.
Kh2 Rd8 35. Rxd8+ Bxd8 36. Nd4 Qe8 37. c6 Qe1 38. c7 Qf2+ 39. Kh1 Qf1+ 40. Kh2
Qf2+ 1/2-1/2

[Event "SR 4. liga A21 2017/2018"]
[Site "?"]
[Date "2018.02.25"]
[Round "10.2"]
[White "Kastler, Peter"]
[Black "Sedlak, Rastislav"]
[Result "0-1"]
[WhiteElo "1757"]
[BlackElo "1666"]
[PlyCount "142"]
[EventDate "2017.??.??"]
[WhiteTeam "Å K Nafta Gbely C"]
[BlackTeam "Å K KÃºpele PieÅ¡Å¥any B"]

1. d4 d5 2. c4 e6 3. Nc3 Nf6 4. e3 Be7 5. Nf3 O-O 6. Be2 Nc6 7. O-O b6 8. b3
Bb7 9. Bb2 Na5 10. cxd5 exd5 11. Rc1 Nc6 12. a3 Rc8 13. b4 Nb8 14. Qb3 c6 15.
Rc2 b5 16. Na2 a5 17. Bc3 a4 18. Qb1 Ne4 19. Nc1 Nd6 20. Nd3 Nc4 21. Bb2 Nd7
22. Nfe5 Ndxe5 23. Nxe5 Nxe5 24. dxe5 Qd7 25. Bd4 f6 26. exf6 Bxf6 27. Bc5 Be7
28. Qd1 Qd8 29. Bg4 Ra8 30. Bxe7 Qxe7 31. Qd4 Qe4 32. Qxe4 dxe4 33. Bd7 Rf6 34.
Rfc1 Rd8 35. Rd1 Kf8 36. Rcd2 Bc8 37. Bxc8 Rxc8 38. Rd8+ Rxd8 39. Rxd8+ Ke7 40.
Rd4 Re6 41. Kf1 Kf6 42. Ke2 g5 43. f3 exf3+ 44. gxf3 h5 45. h3 Re5 46. Kd3 Ke6
47. Re4 Kd5 48. Rxe5+ Kxe5 49. e4 Kf4 50. Ke2 Ke5 51. Ke3 Ke6 52. Kd4 Kd6 53.
e5+ Ke6 54. Ke4 c5 55. bxc5 b4 56. c6 bxa3 57. c7 Kd7 58. e6+ Kxc7 59. Ke5 a2
60. Kf6 a1=Q+ 61. Kf7 Qe1 62. h4 Kd6 63. hxg5 Qxe6+ 64. Kg7 h4 65. f4 Qf5 66.
g6 Qxf4 67. Kg8 h3 68. g7 h2 69. Kh7 h1=Q+ 70. Kg8 Qg2 71. Kh7 Qfg5 0-1

[Event "SR 4. liga A21 2017/2018"]
[Site "?"]
[Date "2018.02.25"]
[Round "10.2"]
[White "Divinec, Peter"]
[Black "Papanek, Lubomir"]
[Result "1-0"]
[WhiteElo "1599"]
[BlackElo "1591"]
[PlyCount "53"]
[EventDate "2017.??.??"]
[WhiteTeam "Å K KÃºpele PieÅ¡Å¥any B"]
[BlackTeam "Å K Nafta Gbely C"]

1. e4 c5 2. f4 Nc6 3. Nf3 d6 4. Nc3 Bg4 5. Bb5 a6 6. Bxc6+ bxc6 7. d3 e6 8. O-O
g6 9. Qe1 Bg7 10. h3 Bxf3 11. Rxf3 Ne7 12. f5 O-O 13. f6 Bxf6 14. Rxf6 Nf5 15.
Bg5 Qb6 16. exf5 Rfe8 17. fxg6 hxg6 18. Na4 Qb5 19. b3 c4 20. Qd2 d5 21. Raf1
Ra7 22. Qf2 Qb7 23. Nc5 Qc7 24. d4 a5 25. Bf4 Qe7 26. Be5 Qf8 27. Qh4 1-0

[Event "SR 4. liga A21 2017/2018"]
[Site "?"]
[Date "2018.02.25"]
[Round "10.2"]
[White "Mraz, Jan"]
[Black "Stolar, Michal"]
[Result "1-0"]
[WhiteElo "1623"]
[BlackElo "1565"]
[PlyCount "67"]
[EventDate "2017.??.??"]
[WhiteTeam "Å K Nafta Gbely C"]
[BlackTeam "Å K KÃºpele PieÅ¡Å¥any B"]

1. d4 e6 2. c4 d5 3. Nc3 c6 4. e3 Nf6 5. c5 b6 6. b4 Ba6 7. Bd3 Bxd3 8. Qxd3 a5
9. bxa5 bxc5 10. dxc5 Qxa5 11. Nge2 Bxc5 12. Bd2 Qc7 13. O-O O-O 14. g3 Nbd7
15. f4 e5 16. h4 Ng4 17. Nd1 Ra3 18. Nec3 d4 19. exd4 exd4 20. Kg2 dxc3 21.
Bxc3 Re8 22. Qf5 Ne3+ 23. Nxe3 Rxe3 24. Be1 Re2+ 25. Kh3 g6 26. Qg4 Rexa2 27.
Rd1 Bd6 28. Bb4 Bxb4 29. Rxd7 Qb6 30. h5 Ra5 31. f5 R2a4 32. fxg6 hxg6 33. hxg6
Bf8 34. gxf7+ 1-0

[Event "SR 4. liga A21 2017/2018"]
[Site "?"]
[Date "2018.02.25"]
[Round "10.2"]
[White "Skodacek, Peter"]
[Black "Ralbovsky, Milan"]
[Result "1-0"]
[WhiteElo "1287"]
[BlackElo "1449"]
[PlyCount "49"]
[EventDate "2017.??.??"]
[WhiteTeam "Å K KÃºpele PieÅ¡Å¥any B"]
[BlackTeam "Å K Nafta Gbely C"]

1. d4 d5 2. c4 e6 3. Nf3 h6 4. g3 Nf6 5. Bg2 Nc6 6. O-O Bd6 7. Nc3 Bd7 8. c5
Be7 9. Bf4 b6 10. Nb5 O-O 11. Nxc7 Rc8 12. Na6 Nh5 13. Be3 Nb8 14. Nxb8 Rxb8
15. b4 bxc5 16. bxc5 Qa5 17. Ne5 Ba4 18. Qe1 Qxe1 19. Rfxe1 Rfc8 20. Rec1 Nf6
21. Bd2 Rb2 22. Ba5 Rxe2 23. Bf1 Rb2 24. Ba6 Bxc5 25. dxc5 1-0

[Event "SR 4. liga A21 2017/2018"]
[Site "?"]
[Date "2018.02.25"]
[Round "10.3"]
[White "Skapikova, Lubica"]
[Black "Ulehla, Jakub"]
[Result "1-0"]
[WhiteElo "1893"]
[BlackElo "1785"]
[PlyCount "67"]
[EventDate "2017.??.??"]
[WhiteTeam "CVÄŒ BrezovÃ¡ pod Bradlom"]
[BlackTeam "CVÄŒ Senica B"]

1. e4 c5 2. f4 Nc6 3. Nf3 g6 4. c3 Bg7 5. Bb5 a6 6. Bxc6 bxc6 7. O-O d5 8. e5
e6 9. d4 cxd4 10. cxd4 Ne7 11. b3 O-O 12. Ba3 Re8 13. Nc3 Nf5 14. Rf2 Qa5 15.
Na4 Rb8 16. Rc1 Bd7 17. Bc5 Rec8 18. Rc3 h5 19. g3 Be8 20. Qe1 Rb5 21. Qe2 Rcb8
22. Kg2 Kh8 23. h3 Qd8 24. g4 Nh4+ 25. Nxh4 Qxh4 26. g5 Ra5 27. Qc2 Rc8 28. b4
Rb5 29. Nb2 Kg8 30. Nd3 Bd7 31. a4 Rb7 32. Nc1 f6 33. exf6 Bf8 34. Qxg6+ 1-0

[Event "SR 4. liga A21 2017/2018"]
[Site "?"]
[Date "2018.02.25"]
[Round "10.3"]
[White "Trojkova, Michaela"]
[Black "Hanzluvka, Peter"]
[Result "0-1"]
[WhiteElo "1679"]
[BlackElo "1870"]
[PlyCount "80"]
[EventDate "2017.??.??"]
[WhiteTeam "CVÄŒ Senica B"]
[BlackTeam "CVÄŒ BrezovÃ¡ pod Bradlom"]

1. e4 c5 2. Nf3 d6 3. Bb5+ Nd7 4. c3 a6 5. Ba4 b5 6. Bc2 Ngf6 7. O-O Bb7 8. Re1
Qc7 9. d4 cxd4 10. Nxd4 g6 11. Nd2 Bg7 12. Nf1 Rc8 13. Ng3 O-O 14. Bd2 Rfe8 15.
Qc1 Ng4 16. h3 Bxd4 17. hxg4 Bf6 18. Bb3 Nc5 19. Bd1 Nd3 20. Qc2 Nxe1 21. Bxe1
b4 22. Rc1 bxc3 23. Bxc3 Bxc3 24. Qxc3 Qxc3 25. Rxc3 Rxc3 26. bxc3 Rc8 27. f3
Rxc3 28. Bb3 a5 29. Ne2 Rc5 30. Nf4 Bc6 31. Nd3 Rc3 32. Nb2 Rc1+ 33. Kh2 Kg7
34. Na4 e6 35. Nb2 d5 36. exd5 Bxd5 37. Bxd5 exd5 38. Nd3 Rc2 39. a4 Rc4 40.
Nb2 Rb4 0-1

[Event "SR 4. liga A21 2017/2018"]
[Site "?"]
[Date "2018.02.25"]
[Round "10.3"]
[White "Skapik, Branislav"]
[Black "Drozd, Jan"]
[Result "1-0"]
[WhiteElo "1795"]
[BlackElo "1527"]
[PlyCount "129"]
[EventDate "2017.??.??"]
[WhiteTeam "CVÄŒ BrezovÃ¡ pod Bradlom"]
[BlackTeam "CVÄŒ Senica B"]

1. e4 e5 2. Nf3 Nc6 3. Bb5 a6 4. Ba4 Nf6 5. d3 d6 6. Bg5 Be7 7. Nbd2 b5 8. Bb3
Na5 9. O-O Nxb3 10. axb3 O-O 11. h3 c5 12. Re1 Bd7 13. Nf1 Re8 14. Bd2 b4 15.
Ne3 a5 16. Nc4 Be6 17. Be3 Bxc4 18. bxc4 Bf8 19. Nd2 a4 20. f4 Qc7 21. Nb1 Nd7
22. c3 exf4 23. Bxf4 b3 24. Na3 Ne5 25. Nb5 Qc6 26. Bxe5 dxe5 27. Qf3 Be7 28.
Rf1 Rf8 29. Ra3 Ra5 30. Qf5 f6 31. Raa1 Ra6 32. g4 g6 33. Qf3 Qc8 34. Qe3 Kg7
35. Ra3 Ra5 36. Rfa1 Qa8 37. Nc7 Qa7 38. Ne6+ Kf7 39. Nxf8 Bxf8 40. Rf1 Ra6 41.
g5 Bg7 42. Qg3 Qe7 43. Qg4 Qc7 44. Raa1 Kg8 45. h4 Qd8 46. Rf3 fxg5 47. hxg5
Ra8 48. Qe6+ Kh8 49. Qg4 Ra7 50. Ra3 Qe8 51. Rf1 Kg8 52. Rfa1 Ra8 53. Kg2 Qd8
54. Rxa4 Rxa4 55. Rxa4 Qd6 56. Ra8+ Bf8 57. Qf3 Qe7 58. Qf6 Qxf6 59. gxf6 Kf7
60. Rb8 Bh6 61. Rxb3 Kxf6 62. Rb7 Bc1 63. b4 cxb4 64. cxb4 h5 65. c5 1-0

[Event "SR 4. liga A21 2017/2018"]
[Site "?"]
[Date "2018.02.25"]
[Round "10.3"]
[White "Hrdlicka, Martin"]
[Black "Dest, Stanislav"]
[Result "1-0"]
[WhiteElo "1401"]
[BlackElo "1548"]
[PlyCount "57"]
[EventDate "2017.??.??"]
[WhiteTeam "CVÄŒ Senica B"]
[BlackTeam "CVÄŒ BrezovÃ¡ pod Bradlom"]

1. e4 e5 2. Nf3 Nc6 3. Bb5 a6 4. Ba4 Nf6 5. O-O Be7 6. Re1 b5 7. Bb3 d6 8. c3
Bg4 9. d3 O-O 10. Nbd2 Na5 11. Bc2 c5 12. Nf1 Nc6 13. Ng3 Re8 14. h3 Bd7 15.
Be3 Qc7 16. Rc1 Qb7 17. Qd2 Nd8 18. d4 cxd4 19. cxd4 exd4 20. Nxd4 Ne6 21. Ndf5
Rad8 22. Nxe7+ Rxe7 23. Nf5 Ree8 24. Nxd6 Qa8 25. Nxe8 Bxe8 26. Qc3 Rc8 27. Qb3
Bc6 28. Qc3 Bxe4 29. Bxe4 1-0

[Event "SR 4. liga A21 2017/2018"]
[Site "?"]
[Date "2018.02.25"]
[Round "10.4"]
[White "Podjavorinsky, Michal"]
[Black "Bango, Dominik"]
[Result "1/2-1/2"]
[WhiteElo "1870"]
[BlackElo "1816"]
[PlyCount "61"]
[EventDate "2017.??.??"]
[WhiteTeam "ZÅ K VrbovÃ© B"]
[BlackTeam "Å K Komplet Modranka jun."]

1. e4 e5 2. Nf3 Nc6 3. d4 exd4 4. Nxd4 Bc5 5. Nb3 Bb6 6. Nc3 d6 7. Qe2 Be6 8.
Bf4 Qe7 9. O-O-O O-O-O 10. Qd2 Nf6 11. Bb5 Bxb3 12. Bxc6 bxc6 13. axb3 Ng4 14.
Bg3 Qf6 15. Rhf1 h5 16. Qe2 Qg5+ 17. f4 Qa5 18. Na4 Kb7 19. Rf3 h4 20. Be1 Qa6
21. Qxa6+ Kxa6 22. Nxb6 axb6 23. h3 Nf6 24. e5 Nd5 25. c4 Ne7 26. Bc3 Nf5 27.
Kc2 Rh6 28. b4 Rg6 29. Rd2 Re6 30. Rfd3 Rg6 31. Rd1 1/2-1/2

[Event "SR 4. liga A21 2017/2018"]
[Site "?"]
[Date "2018.02.25"]
[Round "10.4"]
[White "Kramar, Matus"]
[Black "Miciak, Emanuel"]
[Result "1/2-1/2"]
[WhiteElo "1685"]
[BlackElo "1909"]
[PlyCount "56"]
[EventDate "2017.??.??"]
[WhiteTeam "Å K Komplet Modranka jun."]
[BlackTeam "ZÅ K VrbovÃ© B"]

1. e4 c5 2. Nf3 d6 3. d4 cxd4 4. Nxd4 Nf6 5. Nc3 a6 6. Bc4 e6 7. Be3 Be7 8. f3
Qc7 9. Bb3 Nc6 10. Nxc6 bxc6 11. Qd2 O-O 12. O-O Rd8 13. Qf2 Rb8 14. Rad1 c5
15. e5 Nd7 16. exd6 Bxd6 17. Rxd6 Qxd6 18. Ne4 Qc7 19. Nxc5 Nxc5 20. Bxc5 Bd7
21. Rd1 Bc6 22. Rxd8+ Qxd8 23. c3 Qd7 24. Qg3 Re8 25. Bd4 $11 f5 26. Qe5 Qf7
27. Qd6 Qd7 28. Qe5 Qf7 1/2-1/2

[Event "SR 4. liga A21 2017/2018"]
[Site "?"]
[Date "2018.02.25"]
[Round "10.4"]
[White "Jancovicova, Petra"]
[Black "Skreko, Igor"]
[Result "1/2-1/2"]
[WhiteElo "1739"]
[BlackElo "1475"]
[PlyCount "38"]
[EventDate "2017.??.??"]
[WhiteTeam "ZÅ K VrbovÃ© B"]
[BlackTeam "Å K Komplet Modranka jun."]

1. e4 c5 2. Nf3 d6 3. d4 cxd4 4. Nxd4 Nf6 5. Nc3 e5 6. Nb3 Be6 7. Be2 d5 8.
exd5 Nxd5 9. Bf3 Bb4 10. O-O Bxc3 11. bxc3 Nc6 12. Bb2 O-O 13. Nc5 Nde7 14.
Nxe6 fxe6 15. Qxd8 Raxd8 16. Rad1 Rxd1 17. Rxd1 Rd8 18. Rxd8+ Nxd8 19. c4 Ndc6
1/2-1/2

[Event "SR 4. liga A21 2017/2018"]
[Site "?"]
[Date "2018.02.25"]
[Round "10.4"]
[White "Skreko, Igor ml"]
[Black "Lajda, Dusan"]
[Result "1-0"]
[WhiteElo "1509"]
[BlackElo "1786"]
[PlyCount "81"]
[EventDate "2017.??.??"]
[WhiteTeam "Å K Komplet Modranka jun."]
[BlackTeam "ZÅ K VrbovÃ© B"]

1. e4 c5 2. Nf3 d6 3. d4 cxd4 4. Nxd4 Nf6 5. Nc3 g6 6. f3 Bg7 7. Be3 O-O 8. Bc4
Bd7 9. Qd2 Nc6 10. O-O-O a6 11. g4 Rc8 12. Be2 Ne5 13. Kb1 Nc4 14. Bxc4 Rxc4
15. Nde2 Be6 16. Bh6 Nd7 17. Bxg7 Kxg7 18. h4 Qa5 19. g5 Rcc8 20. h5 Ne5 21. f4
Nf3 22. Qe3 Bg4 23. hxg6 hxg6 24. Rd5 Qc7 25. f5 Rh8 26. f6+ Kg8 27. Rxh8+ Kxh8
28. Qf4 Bh5 29. fxe7 Qxe7 30. Rxd6 Qxg5 31. Qxf7 Ne5 32. Qxb7 Rf8 33. a3 Nc4
34. Rd7 Qh6 35. Qxa6 Bg4 36. Rc7 Nd2+ 37. Ka2 Qh3 38. Rc6 Qf1 39. Rxg6 Qf7+ 40.
b3 Be6 41. Qxe6 1-0

[Event "SR 4. liga A21 2017/2018"]
[Site "?"]
[Date "2018.02.25"]
[Round "10.4"]
[White "Lanyi, Frantisek"]
[Black "Krakorova, Hana"]
[Result "1-0"]
[WhiteElo "1678"]
[BlackElo "1021"]
[PlyCount "101"]
[EventDate "2017.??.??"]
[WhiteTeam "ZÅ K VrbovÃ© B"]
[BlackTeam "Å K Komplet Modranka jun."]

1. d4 d5 2. c4 Nf6 3. Nc3 Bf5 4. Nf3 e6 5. Nh4 g6 6. h3 Be7 7. g4 g5 8. Nxf5
exf5 9. gxf5 Qd7 10. Qd3 dxc4 11. Qxc4 Nc6 12. Bg2 O-O-O 13. e3 Rhf8 14. Bd2
Ne8 15. h4 Nd6 16. Qb3 gxh4 17. Bh3 Nxf5 18. d5 Ne5 19. e4 Nf3+ 20. Kd1 Nxd2
21. Kxd2 Bg5+ 22. Ke1 Kb8 23. Bxf5 Qd6 24. Ne2 h6 25. Rf1 h3 26. Bxh3 Rg8 27.
f4 Bh4+ 28. Kd2 Rde8 29. e5 Qg6 30. Qd3 Qb6 31. b3 Qa5+ 32. Kc2 f6 33. e6 Rd8
34. Qc3 Qxd5 35. Rad1 Qe4+ 36. Kb2 Rxd1 37. Rxd1 Qxe2+ 38. Qd2 Qxd2+ 39. Rxd2
c6 40. e7 f5 41. Rd7 Kc8 42. Bxf5 Bg3 43. Rd8+ Kc7 44. Rxg8 Bxf4 45. e8=Q Kb6
46. Qd7 Ka6 47. b4 Kb6 48. Kb3 Ka6 49. Rg7 b6 50. Bd3+ b5 51. Qxa7# 1-0

[Event "SR 4. liga A21 2017/2018"]
[Site "?"]
[Date "2018.02.25"]
[Round "10.5"]
[White "Valigursky, Michal"]
[Black "Slaby, Jozef"]
[Result "1-0"]
[WhiteElo "1731"]
[BlackElo "1737"]
[PlyCount "83"]
[EventDate "2017.??.??"]
[WhiteTeam "Å K Å tefanov"]
[BlackTeam "Å K KamenÃ¡r Chtelnica"]

1. e4 c6 2. d4 d5 3. e5 Bf5 4. Nf3 e6 5. Be3 h6 6. Bd3 Bxd3 7. Qxd3 Ne7 8. g4
Qb6 9. Nc3 Nd7 10. O-O O-O-O 11. Rfb1 Ng6 12. b4 Qc7 13. Na4 b5 14. Nc5 Bxc5
15. bxc5 Ne7 16. a4 Nb8 17. axb5 cxb5 18. Rxb5 Nec6 19. Bd2 Rdf8 20. Rab1 f5
21. g5 Rf7 22. g6 Re7 23. Ba5 Nxa5 24. Rxb8+ Qxb8 25. Rxb8+ Kxb8 26. Qb5+ Nb7
27. c6 Rc8 28. cxb7 Rxb7 29. Qa4 Rbc7 30. Ne1 Rc4 31. Qb5+ Ka8 32. Qd7 R8c7 33.
Qxe6 Rxd4 34. Qxf5 Re4 35. Kf1 Kb7 36. e6 Kc6 37. f3 Rc4 38. Nd3 Kd6 39. Qe5+
Ke7 40. Qxg7+ Kxe6 41. Qe5+ Kd7 42. g7 1-0

[Event "SR 4. liga A21 2017/2018"]
[Site "?"]
[Date "2018.02.25"]
[Round "10.5"]
[White "Vagovic, Milan"]
[Black "Klimes, Karel"]
[Result "1/2-1/2"]
[WhiteElo "1662"]
[BlackElo "1653"]
[PlyCount "100"]
[EventDate "2017.??.??"]
[WhiteTeam "Å K KamenÃ¡r Chtelnica"]
[BlackTeam "Å K Å tefanov"]

1. d4 d5 2. c4 e6 3. Nc3 Nf6 4. Bg5 Be7 5. Nf3 O-O 6. e3 Nbd7 7. Bd3 dxc4 8.
Bxc4 c5 9. O-O cxd4 10. exd4 Nb6 11. Bb3 a6 12. Rc1 Nfd5 13. Be3 Nf6 14. h3
Nbd5 15. Nxd5 Nxd5 16. Qd3 Bd7 17. Rfd1 Qa5 18. a3 Bb5 19. Bc4 Bxc4 20. Rxc4
Qb5 21. Rc2 Qxd3 22. Rxd3 Rac8 23. Rdd2 Nb6 24. Re2 Rxc2 25. Rxc2 Rc8 26. Rxc8+
Nxc8 27. Nd2 b5 28. b4 Nb6 29. Nb3 Nc4 30. Bc1 Bf6 31. f4 Kf8 32. Kf2 Ke7 33.
Kf3 h5 34. g4 hxg4+ 35. hxg4 g6 36. Ke4 Nd6+ 37. Kd3 Nc4 38. Nd2 Nxd2 39. Bxd2
Kd6 40. Ke4 Bg7 41. g5 Kc6 42. Bc3 Kd6 43. Be1 Kc6 44. Bg3 Bh8 45. Be1 Kd6 46.
Bg3 Kc6 47. Bf2 Kd6 48. Be1 Bg7 49. Bg3 Kc6 50. Bh2 Bh8 1/2-1/2